Państwa świata uznawane przez ONZ (mapa) - Statystyki

Ogólne statystyki
  • Ten quiz został rozwiązany 294 razy
    30 od ostatniego zresetowania
  • Średni wynik to 138 z 197
Odpowiedzi na mapie
Odpowiedzi zakodowano w zielono-czerwonej skali na mapie do tego quizu, zgodnie z poniższymi procentami.
 
Statystyki odpowiedzi
Państwo % Poprawnych
Rosja
92%
Australia
88%
Chiny
88%
Dania
88%
Egipt
88%
Francja
88%
Japonia
88%
Kanada
88%
Korea Południowa
88%
Meksyk
88%
Niemcy
88%
Stany Zjednoczone
88%
Turcja
88%
Ukraina
88%
Wielka Brytania
88%
Włochy
88%
Albania
83%
Arabia Saudyjska
83%
Argentyna
83%
Austria
83%
Belgia
83%
Białoruś
83%
Brazylia
83%
Chile
83%
Estonia
83%
Hiszpania
83%
Holandia
83%
Indie
83%
Islandia
83%
Izrael
83%
Korea Północna
83%
Libia
83%
Litwa
83%
Łotwa
83%
Madagaskar
83%
Maroko
83%
Mongolia
83%
Polska
83%
Południowa Afryka
83%
Rumunia
83%
Słowenia
83%
Szwecja
83%
Watykan
83%
Bułgaria
79%
Chorwacja
79%
Cypr
79%
Czechy
79%
Etiopia
79%
Finlandia
79%
Grecja
79%
Irak
79%
Iran
79%
Irlandia
79%
Kazachstan
79%
Kenia
79%
Kolumbia
79%
Luksemburg
79%
Macedonia Północna
79%
Niger
79%
Nigeria
79%
Norwegia
79%
Nowa Zelandia
79%
Papua-Nowa Gwinea
79%
Peru
79%
Portugalia
79%
Słowacja
79%
Sudan
79%
Sudan Południowy
79%
Szwajcaria
79%
Tajlandia
79%
Węgry
79%
Wietnam
79%
Afganistan
75%
Algieria
75%
Boliwia
75%
Bośnia i Hercegowina
75%
Czad
75%
Czarnogóra
75%
Filipiny
75%
Gujana
75%
Indonezja
75%
Jemen
75%
Liechtenstein
75%
Monako
75%
Nikaragua
75%
Panama
75%
Somalia
75%
Urugwaj
75%
Uzbekistan
75%
Wenezuela
75%
Andora
71%
Angola
71%
Azerbejdżan
71%
Demokratyczna Republika Konga
71%
Ekwador
71%
Gwatemala
71%
Honduras
71%
Kuba
71%
Mołdawia
71%
Nepal
71%
Pakistan
71%
Paragwaj
71%
Republika Zielonego Przylądka
71%
San Marino
71%
Serbia
71%
Sri Lanka
71%
Syria
71%
Tadżykistan
71%
Tunezja
71%
Turkmenistan
71%
Armenia
67%
Dominika
67%
Dominikana
67%
Erytrea
67%
Fidżi
67%
Gruzja
67%
Jamajka
67%
Kongo
67%
Kostaryka
67%
Laos
67%
Lesotho
67%
Malta
67%
Mikronezja
67%
Oman
67%
Palau
67%
Palestyna
67%
Republika Środkowoafrykańska
67%
Salwador
67%
Samoa
67%
Surinam
67%
Tanzania
67%
Zambia
67%
Zimbabwe
67%
Zjednoczone Emiraty Arabskie
67%
Bahrajn
63%
Bangladesz
63%
Belize
63%
Botswana
63%
Gwinea
63%
Gwinea Równikowa
63%
Haiti
63%
Jordania
63%
Kambodża
63%
Katar
63%
Kirgistan
63%
Liban
63%
Mali
63%
Mauretania
63%
Mjanma
63%
Namibia
63%
Saint Lucia
63%
Senegal
63%
Seszele
63%
Singapur
63%
Uganda
63%
Wyspy Marshalla
63%
Bahamy
58%
Bhutan
58%
Ghana
58%
Kamerun
58%
Kiribati
58%
Kuwejt
58%
Malediwy
58%
Malezja
58%
Mauritius
58%
Mozambik
58%
Saint Vincent i Grenadyny
58%
Timor Wschodni
58%
Wybrzeże Kości Słoniowej
58%
Antigua i Barbuda
54%
Brunei
54%
Burkina Faso
54%
Burundi
54%
Dżibuti
54%
Eswatini
54%
Gabon
54%
Gwinea Bissau
54%
Liberia
54%
Nauru
54%
Rwanda
54%
Saint Kitts i Nevis
54%
Sierra Leone
54%
Togo
54%
Tonga
54%
Trynidad i Tobago
54%
Vanuatu
54%
Barbados
50%
Grenada
50%
Malawi
50%
Tuvalu
50%
Wyspy Salomona
50%
Wyspy Świętego Tomasza i Książęca
50%
Benin
46%
Gambia
46%
Komory
46%
Niue
17%
Wyspy Cooka
13%
Nie znaleziono quizów pasujących do podanych kryteriów
Rozkład punktacji
Procent ludzi z każdym wynikiem
Percentyl według liczby udzielonych odpowiedzi
Twoja historia wyników
Nie rozwiązałeś tego quizu od ostatniego zresetowania